| 000 | 00470pab a2200157 454500 | ||
|---|---|---|---|
| 008 | 180718b2001 xxu||||| |||| 00| 0 eng d | ||
| 100 | _aDrury, A. Cooper | ||
| 245 | _aSanctions as coercive diplomacy: the U.S. President's decision to initiate economic sanctions | ||
| 260 | _c2001 | ||
| 300 | _ap.485-508 | ||
| 362 | _aSep | ||
| 650 | _aEconomic sanctions - United States | ||
| 650 | _aEconomic sanctions | ||
| 773 | _aPolitical Research Quarterly | ||
| 909 | _a50634 | ||
| 999 |
_c50634 _d50634 |
||